000 00871cam a2200253 i 4500
001 56257
003 Mx-PuUPA
005 20220323115155.0
008 140415s1992 mx a gr 000 0 spa d
040 _aMx-PuUPA
_bspa
_cMx-PuUPA
_dMx-PuUPA
_erda
041 0 _aspa
110 1 _aRed Nacional de Bibliotecas Publicas
245 1 3 _aEl catálogo publico /
_cRed Nacional de Bibliotecas Publicas
264 1 _a[México, D.F.] :
_bConsejo Nacional para la Cultura y las Artes,
_c©1992
300 _a60 páginas :
_bilustraciones ;
_c22 cm
336 _2rdacontent
_atexto
_btxt
337 _2rdamedia
_asin medio
_bn
338 _2rdacarrier
_avolumen
_bnc
650 7 _aCatálogo de bibliotecas y usuarios
_2armarc
650 7 _aCatálogo de bibliotecas
_2armarc
942 _2ddc
_h025.313
_iC357
_cLI
999 _c56257
_d56257